[Event "Unterfranken-ch HT 52th"]
[Site "Massbach"]
[Date "2001.04.17"]
[Round "2"]
[White "Frayda, Pascal"]
[Black "Barthel, Andre"]
[Result "1-0"]
[WhiteElo "884"]
[BlackElo "859"]
[PlyCount "94"]
[EventDate "2001.04.16"]
[EventType "swiss"]
[EventRounds "9"]
[EventCountry "GER"]
[SourceTitle "EXT 2015"]
[Source "ChessBase"]
[SourceDate "2014.11.20"]
[SourceVersion "1"]
[SourceVersionDate "2014.11.20"]
[SourceQuality "1"]

1. c4 Nf6 2. Nc3 g6 3. d3 c5 4. Nf3 Nc6 5. g3 d5 6. Bg5 Bg7 7. Bxf6 Bxf6 8. Qc2 dxc4 9. dxc4 e6 10. Rd1 Nd4 11. Nxd4 cxd4 12. Ne4 Qa5+ 13. Rd2 Qd8 14. b3 b6 15. Qb2 Bb7 16. Bg2 Bxe4 17. Bxe4 d3 18. Qc1 Bg5 19. e3 Rc8 20. Rxd3 Qc7 21. 0-0 0-0 22. Rfd1 Qe5 23. Bg2 Bf6 24. f4 Qb2 25. Qxb2 Bxb2 26. Rd7 a5 27. Rb7 Rb8 28. Rd6 Rxb7 29. Bxb7 Re8 30. Rxb6 Rd8 31. Bf3 Rd3 32. Kf2 Ba3 33. Ke2 Rc3 34. Kd2 Bb4 35. a3 Rxb3+ 36. Kd1 Bxa3 37. Rxb3 Bc5 38. Rb5 Bxe3 39. Rxa5 Bb6 40. Rb5 Bg1 41. h3 Kf8 42. c5 Ke8 43. c6 Kd8 44. Rb7 Bh2 45. Rxf7 Bxg3 46. Rf8+ Kc7 47. Rf7+ Kc8 1-0

[Event "Unterfranken-ch HT 52th"]
[Site "Massbach"]
[Date "2001.04.16"]
[Round "1"]
[White "Frayda, Pascal"]
[Black "Treibel, Michael"]
[Result "0-1"]
[WhiteElo "884"]
[BlackElo "1576"]
[PlyCount "90"]
[EventDate "2001.04.16"]
[EventType "swiss"]
[EventRounds "9"]
[EventCountry "GER"]
[SourceTitle "EXT 2015"]
[Source "ChessBase"]
[SourceDate "2014.11.20"]
[SourceVersion "1"]
[SourceVersionDate "2014.11.20"]
[SourceQuality "1"]

1. d4 d5 2. c4 e6 3. Nc3 Nf6 4. Nf3 c5 5. e3 Nc6 6. cxd5 Nxd5 7. Bd3 cxd4 8. exd4 Bb4 9. Bd2 Nf6 10. 0-0 Nxd4 11. Ne5 0-0 12. Rc1 Qa5 13. a3 Bxc3 14. Bxc3 Qxe5 15. Bxd4 Qg5 16. Qc2 e5 17. Be3 Qh5 18. h3 Bxh3 19. gxh3 Qxh3 20. Bf5 Ng4 21. f3 Qg3+ 22. Qg2 Qxg2+ 23. Kxg2 Nxe3+ 24. Kf2 Nxf5 25. Rfe1 f6 26. Rc2 Rac8 27. Rec1 Rxc2+ 28. Rxc2 Rd8 29. b4 Rd3 30. Rc8+ Kf7 31. Rc7+ Kg6 32. a4 Nd4 33. Rxb7 Rxf3+ 34. Kg2 Rb3 35. b5 Rb4 36. Rxa7 Nxb5 37. axb5 Rxb5 38. Kg3 e4 39. Ra4 Re5 40. Ra2 e3 41. Kf3 e2 42. Rxe2 Rxe2 43. Kxe2 h5 44. Kf2 Kf5 45. Kf3 g5 0-1

[Event "Unterfranken-ch HT 52th"]
[Site "Massbach"]
[Date "2001.??.??"]
[Round "?"]
[White "Frayda, Pascal"]
[Black "Wendt, Oskar"]
[Result "0-1"]
[WhiteElo "884"]
[BlackElo "1566"]
[PlyCount "54"]
[EventDate "2001.04.16"]
[EventType "swiss"]
[EventRounds "9"]
[EventCountry "GER"]
[SourceTitle "EXT 2015"]
[Source "ChessBase"]
[SourceDate "2014.11.20"]
[SourceVersion "1"]
[SourceVersionDate "2014.11.20"]
[SourceQuality "1"]

1. d4 Nf6 2. c4 g6 3. Nc3 Bg7 4. Nf3 d6 5. e4 0-0 6. Be2 a5 7. Be3 Nc6 8. 0-0 Ng4 9. Qd2 Nxe3 10. Qxe3 e5 11. d5 Nd4 12. Ne1 f5 13. exf5 Bxf5 14. Rc1 Qh4 15. Nf3 Nxf3+ 16. Qxf3 Rae8 17. Bd1 Bh6 18. Ra1 Qxc4 19. Be2 Qc5 20. Bb5 Re7 21. Qe2 Bg7 22. a3 Ref7 23. Nd1 e4 24. Rc1 Qb6 25. Ne3 Bd4 26. g3 Bh3 27. Rfd1 Rxf2 0-1

[Event "Unterfranken-ch HT 52th"]
[Site "Massbach"]
[Date "2001.??.??"]
[Round "?"]
[White "Schlotter, Fabian"]
[Black "Frayda, Pascal"]
[Result "0-1"]
[WhiteElo "667"]
[BlackElo "884"]
[PlyCount "49"]
[EventDate "2001.04.16"]
[EventType "swiss"]
[EventRounds "9"]
[EventCountry "GER"]
[SourceTitle "EXT 2015"]
[Source "ChessBase"]
[SourceDate "2014.11.20"]
[SourceVersion "1"]
[SourceVersionDate "2014.11.20"]
[SourceQuality "1"]

1. e4 e5 2. Nf3 Nf6 3. Nc3 Bc5 4. d3 c6 5. Be2 d5 6. 0-0 d4 7. Na4 Be7 8. b3 0-0 9. Bg5 Bb4 10. Nxe5 b5 11. Nb2 Qd6 12. Bxf6 Qxf6 13. Ng4 Qg6 14. c4 dxc3 15. Nc4 bxc4 16. bxc4 Rd8 17. f3 Bxg4 18. fxg4 Nd7 19. h3 Ba3 20. Qb3 Bb2 21. Rae1 Rab8 22. Qa4 Rb4 23. Qxa7 c2 24. Qa5 Bc3 25. Qxd8+ 0-1